MARC

LEADER 00000nas1a2200000 4500
001 380130
005 20231101062640.0
011 |a 0134-2428 
011 |a 0869-2793 
035 |a (RuTPU)RU\TPU\prd\812 
035 |a BOOK00000813 
090 |a 380130 
100 |a 20011210b1957 k y0rusy50 ca 
101 0 |a rus 
102 |a RU 
110 |a agaz uu0 
200 1 |a Сибирский химический журнал. Известия Сибирского отделения Российской академии наук  |e научный журнал  |f Российская академия наук (РАН), Сибирское отделение (СО) 
210 |a Новосибирск  |c Наука  |d 1991-1993 
305 |a Издается с 1991 г. 
326 |a 6 номеров в год 
430 1 |0 (RuTPU)RU\TPU\prd\796  |x 0134-2428  |t Известия Сибирского отделения Академии наук СССР. Серия химических наук  |o научный журнал  |f Академия наук СССР (АН СССР), Сибирское отделение (СО)  |c Новосибирск  |n Наука, Сибирское отделение  |d 1963-1990 
430 |x 0002-3426 
610 1 |a биоорганическая химия 
610 1 |a неорганическая химия 
610 1 |a органическая химия 
610 1 |a органическая химия 
610 1 |a теоретическая химия 
610 1 |a техническая химия 
610 1 |a физическая химия 
610 1 |a катализаторы 
675 |a 54  |v 3 
675 |a 66  |v 3 
712 0 2 |a Российская академия наук (РАН)  |b Сибирское отделение (СО)  |c (Новосибирск)  |2 stltpush  |3 (RuTPU)RU\TPU\col\5931 
801 0 |a RU  |b 63413507  |c 20011210  |g PSBO 
801 2 |a RU  |b 63413507  |c 20141121  |g RCR 
942 |c CR